000 00606nam a2200229Ia 4500
003 OSt
005 20221007063313.0
006 a|||||r|||| 00| 0
007 ta
008 221006b |||||||| |||| 00| 0 eng d
024 _a14,814
037 _cTextual
040 _aFLL
_cFLL
_beng
041 _2eng
_aeng
082 _aX:9:Z2y7z, J2
100 _aKher V.B. Au.
_9684033
245 0 _aDigest of labour law cases
260 _aBombay
_bThacker and co., ltd. India
_c1952
300 _a576p
_ccm.
942 _hX:9:Z2y7z, J2
_cTEXL
_2CC
999 _c1130939
_d1130939